| 000 | 00575nam a2200181Ia 4500 | ||
|---|---|---|---|
| 008 | 090630s9999 xx 000 0 und d | ||
| 082 | _b25239 | ||
| 100 | _aखाडीलकर उषा. | ||
| 245 |
_aगडबड गाणी. _cखाडीलकर उषा. |
||
| 260 |
_bज्योत्सना. _c2006 |
||
| 300 | _a24 | ||
| 600 | _aखाडीलकर उषा. | ||
| 630 | _aगडबड गाणी. | ||
| 655 | _aबालवाङमय. | ||
| 700 | _aखाडीलकर उषा. | ||
| 730 | _aगडबड गाणी. | ||
| 942 | _cBOOK | ||
| 999 |
_c277095 _d277095 |
||